Normal view
MARC view
- Marva Hadia
Entry Personal Name
001 - CONTROL NUMBER
- control field: 69773
003 - CONTROL NUMBER IDENTIFIER
- control field: NUST
005 - DATE AND TIME OF LATEST TRANSACTION
- control field: 20210628204308.0
008 - FIXED-LENGTH DATA ELEMENTS
- fixed length control field: 210628|| aca||aabn | a|a d
040 ## - CATALOGING SOURCE
- Original cataloging agency: NUST
- Transcribing agency: NUST
100 ## - HEADING--PERSONAL NAME
- Personal name: Marva Hadia
670 ## - SOURCE DATA FOUND
- Source citation: Work cat.: (NUST): Marva Hadia, TH-SOF-1629-Modelling and Optimization of small scale solar assisted Organic Rankine Cycle, 2019
